000 00274nam a22001217a 4500
008 181207b xxu||||| |||| 00| 0 eng d
041 _aeng
080 _a821
100 _a22
101 _aGJL
245 _aThe Dictionary of Imaginary Places
_cManguel, A
942 _2udc
_cBK
999 _c53021
_d53021